01139nam a2200361 i 450000100060000000300090000600500170001500800410003202000150007304000260008804600090011408000110012308000090013410000290014324500560017226000310022830000350025933600270029433700540032133800280037538000160040338000230041938800140044238800140045650000470047050400120051765000210052965000250055065500170057565800430059271000440063585600980067932061KOSZ 00520220215112723.0220215s1994 pl f 001 0 pol d a8385451587 aKOSZ 005cKOSZ 005/RW k1994 a004.42 a(07)1 aMajewski, ZygmunteAutor10aNorton Utilities :bwersja 8.0 /cZygmunt Majewski. aWarszawa :bEXIT,c[1994]. a277 stron :brysunki ;c20 cm. aTekstbtxt2rdacontent aBez urządzenia pośredniczącegobn2rdamedia aWoluminbnc2rdacarrier aKsiążki aPublikacje fachowe1 a1901-20001 a1989-2000 aU dołu okładki: Programy narzędziowe.  aIndeks. 7aNorton Utilities 7aProgramy komputerowe 7aPodręcznik aInformatyka i technologie informacyjne2 aAkademicka Oficyna Wydawnicza Exit4pbl uhttp://koha.tu.koszalin.pl/cgi-bin/koha/opac-detail.pl?biblionumber=32061yKatalog online BPK